000 00621nam a2200193 i 4500
001 51933
003 ES-MaACL
005 20230906162456.0
007 t|
008 030821s1943 sp |||| |bspa d
100 1 _aDatta de Albertis, G.
_942791
245 1 0 _aMaría de Médicis, Reina de Francia /
_cG. Datta de Albertis ; traducción de Agustín Esclasans.
250 _a2ª ed.
260 _aBarcelona :
_bIberia,
_c1943.
300 _a358 p., 12 lám. ;
_c22 cm.
600 1 4 _aMaría
_cReina consorte de Enrique IV, Rey de Francia.
_9167113
700 1 _aEsclasans, Agustín.
_947545
852 _aES-MaACL
_jC-5408
999 _c51933
_d51933